000 00748nam a2200253Ia 4500
003 OSt
005 20220925214820.0
006 a|||||r|||| 00| 0
007 ta
008 220923b |||||||| |||| 00| 0 eng d
037 _cGeneral Book
040 _aRTL
_cRTL
_beng
041 _2eng
_aeng
082 _aU481-44, M1
100 _aDunn Michael and others
_9281186
245 0 _aRural housing
_b Competition and choice
260 _aLondon
_bGeorge Allen & Unwin UK
_c1981
300 _ax,277p
_ccm.
490 _aUrban regional studies,9
500 _aBib p. 256-64; Appendix p. 265-73
650 _aHuman Geography
_91464
942 _hU481-44, M1
_cGB
_2CC
999 _c566786
_d566786